16 Regions (Dao) During the Flourishing Tang Dynasty (733) 唐·开元十五道 - Statistics

General Stats
  • This quiz has been taken 46 times
  • The average score is 8 of 16
Answer Stats
治所 Capital 道 Region % Correct
汴州(开封)Bian Prefecture (Kaifeng) 河南道 Henan
74%
苏州 Su Prefecture (Suzhou) 江南东道 Jiangnan East
71%
洪州(南昌)Hong Prefecture (Nanchang) 江南西道 Jiangnan West
71%
魏州(大名)Wei Prefecture (Daming) 河北道 Hebei
68%
京师Chang'an 京畿道 Jingji
63%
益州(成都)Yi Prefecture (Chengdu) 剑南道 Jiannan
55%
广州Guang Prefecture (Guangzhou) 岭南道 Lingnan
53%
鄯州(海东)Shan Prefecture (Haidong) 陇右道 Longyou
53%
扬州 Yang Prefecture (Yangzhou) 淮南道 Huainan
50%
蒲州Pu Prefecture (Puzhou) 河东道 Hedong
47%
凉州(武威)Liang Prefecture (Wuwei) 河西道 Hexi
45%
黔州(彭水)Qian Prefecture (Pengshui) 黔中道 Qianzhong
37%
襄州(襄阳)Xiang Prefecture (Xiangyang) 山南东道 Shannan East
37%
梁州(汉中)Liang Prefecture (Hanzhong) 山南西道 Shannan West
37%
京官遥领 Chang'an 关内道 Guannei
29%
东都 Luoyang 都畿道 Duji
24%
No matching quizzes found
Score Distribution
Percent of People with Each Score
Percentile by Number Answered
Your Score History
You have not taken this quiz